| 000 | 00558nam a2200193 u 4500 | ||
|---|---|---|---|
| 005 | 20231013063707.0 | ||
| 008 | 140129s2000 r 000 0 eng d | ||
| 035 | _aUPN01000195413 | ||
| 049 | _aCG | ||
| 050 | 4 |
_aH61 _bC3.23 |
|
| 100 | 1 |
_aCadena, Agustín, _d1963- _936380 |
|
| 245 | 1 | 0 |
_aDe la imagen a la letra / _cAgustín Cadena. |
| 260 |
_aMéxico : _bGrahma, _c2000. |
||
| 300 | _a73 p. | ||
| 650 | 4 |
_aInvestigación _xMetodología _95209 |
|
| 650 | 2 |
_aTesis y disertaciones académicas _xMetodología _914125 |
|
| 905 | _aLibro | ||
| 999 |
_c167514 _d167514 |
||